000 02573cgm a2200541 a 4500
001 vtls003257289
003 MY-SjTCS
005 20200226115946.0
007 vd cvairu
008 140819t20132010nyu094 s00 vueng d
039 9 _a201409191755
_bshuhada
_c201409191753
_dshuhada
_c201409191741
_dshuhada
_c201409191740
_dshuhada
_y201408191135
_zmalathy
041 1 _aeng
_adut
_afre
_ager
_aita
_ajpn
_aspa
_jeng
082 0 4 _a641.5092273
_bTHR 2013
245 0 0 _aThree stars
_h[videorecording] /
_ca documentary by Lutz Hachmeister ; HMR Producktion in co-production with Arte, WDR, NDR ; producer, Lutz Hachmeister.
246 3 _a3 stars
246 1 _iTitle on container:
_aThree stars :
_ba culinary documentary
250 _aWidescreen.
260 _a[New York] :
_bFirst Run Features,
_c[2013?]
300 _a1 videodisc (94 min.) :
_bsd., col. ;
_c4 3/4 in.
500 _aOriginally released as a motion picture in 2010.
500 _aDocumentary.
508 _aCamera, Hajo Schomerus, Dirk Wojcik ; editors, Mechthild Darth, Christian Wagener.
511 0 _aNarrator, Deborah Friedman ; participants, Jean-Georges Vongerichten, René Redzepi, Yannick Alléno, Nadia Santini, Olivier Roellinger, Sergio Herman, Sven Elverfeld, Hideki Ishikawa, Juan Mari, Elena Arzak.
520 _aThrough profiles of ten world-class chefs, viewers will learn about the everyday drama that accompanies working in a gourmet restaurant. Includes interviews and behind-the-scenes footage of a world-renowned chef's culinary process, from working in gastronomic laboratories, hunting for ingredients in local markets, and gathering rare edible plants on coastal shores.
538 _aDVD; NTSC; widescreen presentation.
546 _aIn English, Dutch, French, German, Italian, Japanese, and Spanish with English subtitles.
650 0 _aCooks.
650 0 _aRestaurants.
650 0 _aCooking.
650 0 _aFood.
700 1 _aHachmeister, Lutz.
_971424
700 1 _aVongerichten, Jean-Georges.
_971425
700 1 _aRedzepi, René.
_971426
700 1 _aAlléno, Yannick.
700 1 _aSantini, Nadia.
700 1 _aRoellinger, Olivier,
_d1955-
_971431
700 1 _aHerman, Sergio.
_971427
700 1 _aElverfled, Sven.
700 1 _aIshikawa, Hideki.
700 1 _aArzak, Juan Mari.
_971428
700 1 _aArzak, Elena.
710 2 _aHMR Produktion.
710 2 _aWestdeutscher Rundfunk.
_920057
710 2 _aNorddeutscher Rundfunk.
_971429
710 2 _aFirst-Run Features (Firm)
_958567
710 2 _aArte (Firm)
_971430
920 _aSHT : 213119
999 _c156672